01543cam a2200325 a 450000100060000000300080000600500170001400800410003103500190007204000350009104100080012608200180013410000270015224501650017926000920034430000290043649000750046549000800054050400420062065000340066265000520069683000200074883000180076883000780078683000350086494200120089999900170091195201430092895201460107114889BD-RJUL20211208235718.0140208s1963 pk ab b 000 0 eng d a(BD-RJUL)14943 aPAUcPAUdOCLdOCLCQdDRBbeng aeng a631bASS 19631 aAshraf, Khalid.94634010aSome land problems in tribal areas of West Pakistan :ba study of the selected farms in Kurram, North Waziristan, Malakand, Kalam, and Swat /cby Khalid Ashraf. aPeshawar :bBoard of Economic Enquiry, North-West Frontier, Peshawar University,c1963. a191 p. :bill. ;c25 cm.1 aUniversity of Peshawar. Board of Economic Enquiry. Publicationvno. 121 aUniversity of Peshawar. Board of Economic Enquiry. Tribal areas studies;v2 aIncludies bibliographical references. 0aLand tenurezPakistan.946341 0aAgriculturexEconomic aspectszPakistan.946342 0vno. 12.9218665 0vno. 29218665 0aPublication (University of Peshawar. Board of Economic Enquiry) ;9218666 0aTribal areas studies ;9218667 2ddccBK c14889d14889 00102ddc40718NFICaRUCLbRUCLcReadingd1963-10-18eUnion of perhawarg0.00l0o631 ASS 1963r2014-02-08 00:00:00tC-1w2014-02-08yBK 00102ddc40708NFICaRUCLbRUCLcReadingd1958-02-07eCenter Aid Scientific Bookl0o631 ASS 1963r2017-06-13 00:00:00tC-2w2017-06-13yBK